000 00575nam a22002297a 4500
003 UA-OsUOA
001 92624
007 ta
008 20121220b un ||||| |||| 00| 0 ukr d
100 _aАнгелов Ц.
090 _a821.163.2
_bА64
942 _cBK
040 _aUA-OsUOA
_brus
_cUA-OsUOA
_dUA-OsUOA
245 _aСпрага
_bроман
300 _a367 с.
955 _a3
041 _arus
080 _a821.163.2
260 _aК.
_bМолодь
_c1963
650 7 _a82 Література. Літературознавство
_2UDC
999 _c378394
_d378394